000 004860000a22001810004500
020 _a0-310-25971-1
041 0 _aENG
082 0 4 _aG 259.1 T761m
100 1 _aTracy, Steven R.
245 1 0 _aMending the soul : Understanding and healing abuse / Steven R. Tracy
260 _aGrand Rapids, MI. : Zondervan
300 _a270 Pág.
001 14795
942 _cBK
999 _c43628
_d43628
336 _atexto
_btxt
_2rdacontent
337 _2rdamedia
_asin mediación
_bn
338 _2rdacarrier
_avolumen
_bnc